Ecological traits of the tropical treeline species Polilepis quadrijuga (<Rosaceae>) in the Andes of Colombia (Registro nro. 9766)

Detalles MARC
000 -CABECERA
Campo de control 006970000a22002050004500
090 ## - CLASIFICACIÓN LOCAL
Colección AR
Consecutivo 00675
041 0# - IDIOMA
Código de idioma para texto/pista de sonido o título separado
100 1# - ASIENTO PRINCIPAL--NOMBRE PERSONAL
Nombre personal Velez, Virginia
245 10 - MENCION DE TITULO
Título Ecological traits of the tropical treeline species Polilepis quadrijuga (<Rosaceae>) in the Andes of Colombia
650 14 - ASIENTO SECUNDARIO DE MATERIA - TERMINO TEMATICO
Término temático o nombre geográfico como elemento de entrada Fenología
650 14 - ASIENTO SECUNDARIO DE MATERIA - TERMINO TEMATICO
Término temático o nombre geográfico como elemento de entrada Fitoquímica
650 14 - ASIENTO SECUNDARIO DE MATERIA - TERMINO TEMATICO
Término temático o nombre geográfico como elemento de entrada Páramos
650 14 - ASIENTO SECUNDARIO DE MATERIA - TERMINO TEMATICO
Término temático o nombre geográfico como elemento de entrada Especies forestales
651 #4 - ASIENTO SECUNDARIO DE MATERIA - NOMBRE GEOGRAFICO
-- Cordillera de los Andes
-- Colombia
653 ## - TERMINO DE INDIZACION - NO CONTROLADO
-- Rosaceae
-- Polylepsis
-- Polylepsis quadrijuga
700 1# - ASIENTO SECUNDARIO - NOMBRE PERSONAL
Nombre personal Cavelier, Jaime
700 1# - ASIENTO SECUNDARIO - NOMBRE PERSONAL
Nombre personal Devia, Beatriz
773 1# - Item fuente:
Título Journal of Tropical Ecology
Especificación de materiales 12
Descripción física 15
Paginas del Articulo 771-787
Lugar, editorial y fecha de publicación 1998
942 ## - ELEMENTOS ADICIONALES (KOHA)
Tipo de ítem Artículo
Existencias
Withdrawn status Lost status Damaged status No para préstamo Colección Ubicación Permanente Ubicación actual Fecha de adquisición Datos de publicación Seriada Total Checkouts Número topográfico Inventario / Código de Barras Date last seen Ejemplar Price effective from Forma de adquisición Tipo de material
      No para Préstamo Hemeroteca Bogotá Bogotá 27/02/2015 Fuera de circulación   AR 00675 010989 25/03/2015 1 25/03/2015   Artículo